00425nam a2200157Ia 45000010006000000050017000060080041000230410008000640820015000721000025000872450102001122600009002143000028002236500008002516540008002591317020260306163034.0260306t2008||||xx |||||||||||||| ||spa|| aESP a001.4bW42 aWeiss, Carol H.eAUT 0aInvestigación evaluativa:bmétodos para determinar la eficiencia de los programas de acción c2008 a231 páginas :c23 cm. aGEN aCHU